Titres les plus Streamés : KobaLaD - Statistiques

Statistiques générales
  • Ce quiz a été pris 234 fois
  • Le résultat moyen est 6 sur 10
Statistiques - réponses
Hint Réponse % Correct
41 900 000 La C
90%
96 700 000 RR 9.1
89%
66 900 000 Train de vie
79%
110 000 000 Daddy Chocolat
75%
42 700 000 Ténébreux 1
67%
80 500 000 Coffre Plein
54%
41 100 000 Matin
47%
78 600 000 Doudou
45%
47 300 000 Quotidien
34%
66 200 000 Le classico organisé
21%
Aucun quiz correspondant
Distribution des résultats
% des personnes avec chaque résultat
Percentile par nombre de réponses
Votre historique - résultats
Vous n’avez pas pris ce quiz